Erasmo / (Record no. 81650)

MARC details
000 -LEADER
campo de control de longitud fija 00777nam a2200217 i 4500
001 - NÚMERO DE CONTROL
campo de control 81650
003 - IDENTIFICADOR DE NÚMERO DE CONTROL
campo de control ES-MaACL
005 - FECHA Y HORA DE LA ÚLTIMA TRANSACCIÓN
campo de control 20250915203319.0
007 - CAMPO FIJO DE DESCRIPCIÓN FÍSICA--INFORMACIÓN GENERAL
campo de control de longitud fija t|
008 - DATOS DE LONGITUD FIJA--INFORMACIÓN GENERAL
campo de control de longitud fija 041105s1946 sp cf |||| |bspa d
080 ## - NÚMERO DE LA CLASIFICACIÓN DECIMAL UNIVERSAL
Número de la Clasificación Decimal Universal 929 Erasmus, Desiderius
100 1# - ENTRADA PRINCIPAL--NOMBRE DE PERSONA
Nombre de persona Huizinga, Johan.
9 (RLIN) 64685
245 10 - MENCIÓN DEL TÍTULO
Título Erasmo /
Mención de responsabilidad, etc. J. Huizinga ; [traducción de la versión inglesa por J. Farran Mayoral ampliada sobre la versión alemana por S. Olivares Canals].
260 ## - PUBLICACIÓN, DISTRIBUCIÓN, ETC.
Lugar de publicación, distribución, etc. Barcelona :
Nombre del editor, distribuidor, etc. Ediciones del Zodiaco,
Fecha de publicación, distribución, etc. 1946 (
Fabricante Agustín Núñez)
300 ## - DESCRIPCIÓN FÍSICA
Extensión 324 p., 1 lám. :
Otras características físicas 1 retr. autor ;
Dimensiones 19 cm.
599 ## - NOTA A LAS ILUSTRACIONES
NOTA A LAS ILUSTRACIONES Lám.: retr. de Erasmo.
600 04 - PUNTO DE ACCESO ADICIONAL DE MATERIA--NOMBRE DE PERSONA
Nombre de persona Erasmus, Desiderius,
Fechas asociadas al nombre 1467-1536
9 (RLIN) 47350
700 1# - ENTRADA AGREGADA--NOMBRE PERSONAL
Nombre de persona Farrán y Mayoral, J.
9 (RLIN) 48882
852 ## - LOCALIZACIÓN
Ubicación ES-MaACL
Número de control de estantería F-6510
Holdings
Estatus retirado Estado de pérdida Estado de daño No para préstamo Biblioteca de origen Biblioteca actual Ubicación en estantería Fecha de adquisición Fuente de adquisición Total de préstamos Signatura topográfica completa Código de barras Visto por última vez Precio de reemplazo Tipo de ítem Koha
        Biblioteca del Ateneo de Madrid Biblioteca del Ateneo de Madrid Depósito 2 17/01/2008     F-6510 1085345 23/02/2023 23/02/2023 Libro impreso